| 000 | 00573nam a2200193 i 4500 | ||
|---|---|---|---|
| 001 | 4634916 | ||
| 005 | 20241101120012.0 | ||
| 008 | 790314s1978 enk b 001 0 eng | ||
| 020 |
_a0297774077 : _c£11.00. _a0297774085 |
||
| 050 | 0 | 0 |
_aKD750 _b.E35 |
| 082 | 0 | 0 | _a346/.42/015 |
| 100 | 1 | _aEekelaar, John. | |
| 245 | 1 | 0 |
_aFamily law and social policy / _cJohn Eekelaar. |
| 260 |
_aLondon : _bWeidenfeld and Nicolson, _cc1978. |
||
| 300 |
_axxix, 335 p. : _bgraphs ; _c23 cm. |
||
| 500 | _aIncludes index. | ||
| 650 | 0 |
_aDomestic relations _zGreat Britain. |
|
| 942 |
_2lcc _cBK _n0 |
||
| 999 |
_c510 _d510 |
||